[Event "Schleswig Holstein-ch Seniors op 10th"]
[Site "Buesum"]
[Date "2016.10.04"]
[Round "9"]
[White "Garms, Ilse"]
[Black "Juergens, Peter1111"]
[Result "1/2-1/2"]
[WhiteElo "1763"]
[BlackElo "1920"]
[PlyCount "68"]
[EventDate "2016.09.26"]
[EventType "swiss"]
[EventRounds "9"]
[EventCountry "GER"]
[SourceTitle "EXT 2019"]
[Source "ChessBase"]
[SourceDate "2018.10.10"]
[SourceVersion "1"]
[SourceVersionDate "2018.10.10"]
[SourceQuality "1"]

1. d4 e6 2. Nf3 Nf6 3. e3 b6 4. Bd3 Bb7 5. Nbd2 d5 6. c3 Be7 7. Qe2 Nbd7 8. 0-0 0-0 9. Ne5 Ne8 10. Ndf3 Ndf6 11. Ba6 Qc8 12. Bxb7 Qxb7 13. h3 Nd6 14. b3 Nde4 15. Bb2 c5 16. c4 Rac8 17. Rfc1 Rc7 18. Rc2 Rfc8 19. Rac1 Qa6 20. Ba1 Qb7 21. Nd2 h6 22. Nf1 cxd4 23. Bxd4 Ba3 24. Bb2 Bxb2 25. Rxb2 dxc4 26. Rxc4 Rxc4 27. Nxc4 Qd5 28. f3 Nc5 29. Rd2 Qa8 30. Rd4 Rd8 31. Rxd8+ Qxd8 32. Qd2 Qd5 33. e4 Qa8 34. b4 Nb7 1/2-1/2

[Event "Hessen-ch Seniors op 12th"]
[Site "Bad Sooden-Allendorf"]
[Date "2016.05.05"]
[Round "6"]
[White "Garms, Ilse"]
[Black "Fleischer, Martin"]
[Result "0-1"]
[WhiteElo "1758"]
[BlackElo "1865"]
[PlyCount "120"]
[EventDate "2016.04.30"]
[EventType "swiss"]
[EventRounds "9"]
[EventCountry "GER"]
[SourceTitle "EXT 2019"]
[Source "ChessBase"]
[SourceDate "2018.10.10"]
[SourceVersion "1"]
[SourceVersionDate "2018.10.10"]
[SourceQuality "1"]

1. d4 e6 2. e3 d5 3. Nf3 c5 4. c3 Nc6 5. Bd3 c4 6. Bc2 Nf6 7. Nbd2 b5 8. e4 dxe4 9. Nxe4 Nd5 10. 0-0 Be7 11. Be3 h6 12. a4 b4 13. cxb4 Ndxb4 14. Bb1 Ba6 15. Nc3 Qa5 16. Be4 Rc8 17. Bxc6+ Nxc6 18. Nd2 Rb8 19. Rb1 0-0 20. Qg4 Qf5 21. Qxf5 exf5 22. d5 Ne5 23. Bxa7 Rb7 24. Bd4 Bd6 25. Rfd1 Rfb8 26. Ne2 Nd3 27. Nc3 f6 28. Nb5 Bxb5 29. axb5 Ne5 30. Bxe5 Bxe5 31. Nxc4 Rxb5 32. d6 Kf7 33. d7 Ke7 34. b3 Rd8 35. Ne3 g6 36. Nd5+ Ke6 37. Ne3 Rxd7 38. Rxd7 Kxd7 39. g3 f4 40. Nc4 fxg3 41. hxg3 g5 42. Rd1+ Ke6 43. Rd3 h5 44. Kg2 Rd5 45. Re3 Kf5 46. Re1 Rd4 47. Ne3+ Kg6 48. Nc4 Rd5 49. Rb1 Rd4 50. Ne3 Bd6 51. Rd1 Rxd1 52. Nxd1 Kf5 53. f3 Ke5 54. Nc3 f5 55. Kf1 Bb4 56. Ne2 Bd2 57. Ng1 Bb4 58. Ne2 Kd5 59. Nc1 Kd4 60. Ke2 Kc3 0-1

[Event "Hessen-ch Seniors op 12th"]
[Site "Bad Sooden-Allendorf"]
[Date "2016.04.30"]
[Round "1"]
[White "Garms, Ilse"]
[Black "Geisensetter, Franz"]
[Result "0-1"]
[WhiteElo "1758"]
[BlackElo "2057"]
[PlyCount "80"]
[EventDate "2016.04.30"]
[EventType "swiss"]
[EventRounds "9"]
[EventCountry "GER"]
[SourceTitle "EXT 2019"]
[Source "ChessBase"]
[SourceDate "2018.10.10"]
[SourceVersion "1"]
[SourceVersionDate "2018.10.10"]
[SourceQuality "1"]

1. d4 Nf6 2. Nf3 e6 3. e3 b6 4. Bd3 Bb7 5. Nbd2 d5 6. 0-0 Bd6 7. Qe2 0-0 8. e4 dxe4 9. Nxe4 Nxe4 10. Bxe4 Bxe4 11. Qxe4 Nd7 12. Bg5 Qc8 13. c3 c5 14. Rac1 Qc7 15. Be3 Nf6 16. Qh4 c4 17. Bg5 Nd5 18. Qe4 Rae8 19. Bh4 f5 20. Qb1 Nf4 21. Kh1 Ng6 22. Bg3 f4 23. Bh4 Rf5 24. Qe4 Rh5 25. g3 Nxh4 26. gxh4 Qf7 27. Rg1 Rb5 28. Qc2 Qh5 29. Qe2 Rxb2 30. Qxb2 Qxf3+ 31. Rg2 Qh3 32. Rcg1 f3 33. Rxg7+ Kh8 34. R7g3 Qxh4 35. Qb5 Rf8 36. Qxc4 Bxg3 37. fxg3 Qe4 38. Qf1 f2+ 39. Rg2 Qe1 40. Rxf2 Qxf1+ 0-1

[Event "Berlin-ch Seniors op 32nd"]
[Site "Berlin"]
[Date "2016.02.02"]
[Round "7"]
[White "Klevenow, Ursula"]
[Black "Garms, Ilse"]
[Result "1/2-1/2"]
[WhiteElo "1632"]
[BlackElo "1787"]
[PlyCount "133"]
[EventDate "2016.01.26"]
[EventType "swiss"]
[EventRounds "9"]
[EventCountry "GER"]
[SourceTitle "EXT 2019"]
[Source "ChessBase"]
[SourceDate "2018.10.10"]
[SourceVersion "1"]
[SourceVersionDate "2018.10.10"]
[SourceQuality "1"]

1. d4 d5 2. Nf3 e6 3. e3 Nf6 4. Bd3 c5 5. Bb5+ Bd7 6. Bxd7+ Nbxd7 7. dxc5 Bxc5 8. c3 0-0 9. 0-0 Re8 10. Nbd2 a6 11. c4 Rc8 12. b3 Rc6 13. Bb2 e5 14. cxd5 Nxd5 15. Nc4 N5f6 16. Nfxe5 Rce6 17. Nxd7 Nxd7 18. Qf3 b5 19. Na3 Qb6 20. Qg4 Ne5 21. Bxe5 Rxe5 22. Nc2 Re4 23. Qd1 R4e6 24. b4 Bd6 25. a3 a5 26. bxa5 Qxa5 27. Nb4 Bxb4 28. axb4 Qxb4 29. Rb1 Qc5 30. Qb3 Rb6 31. Rfd1 Reb8 32. Rbc1 Qe7 33. Rd4 h6 34. Rcd1 R6b7 35. h3 b4 36. R1d3 Qe8 37. Qd1 Qe7 38. Rd8+ Rxd8 39. Rxd8+ Kh7 40. Qd3+ g6 41. Qd4 f6 42. Rd6 Kg7 43. Rc6 b3 44. Qb2 Qe5 45. Rc3 Ra7 46. f4 Qd5 47. Rxb3 Rd7 48. Kh2 Re7 49. Rb6 Rf7 50. Rb5 Qe4 51. Rb3 Re7 52. Qd4 Qe6 53. Rd3 Kf7 54. g4 Qc6 55. Kg3 Qc1 56. Qd5+ Kf8 57. Qd8+ Kf7 58. Qd5+ Kf8 59. Kf2 Qc2+ 60. Rd2 Qc7 61. Qd8+ Kf7 62. Qxc7 Rxc7 63. h4 f5 64. gxf5 gxf5 65. Rd5 Ke6 66. Rd2 Rc1 67. Kg2 1/2-1/2

[Event "Schleswig Holstein-ch Seniors op 9th"]
[Site "Buesum"]
[Date "2015.10.07"]
[Round "9"]
[White "Harders, Werner"]
[Black "Garms, Ilse"]
[Result "0-1"]
[WhiteElo "1569"]
[BlackElo "1745"]
[PlyCount "72"]
[EventDate "2015.09.28"]
[EventType "swiss"]
[EventRounds "9"]
[EventCountry "GER"]
[SourceTitle "EXT 2018"]
[Source "ChessBase"]
[SourceDate "2017.10.13"]
[SourceVersion "1"]
[SourceVersionDate "2017.10.13"]
[SourceQuality "1"]

1. f4 e6 2. Nf3 d6 3. d4 Nf6 4. e3 c5 5. c3 Bd7 6. Bd3 Bc6 7. 0-0 Be7 8. Bd2 Nbd7 9. Qc2 h6 10. Be1 Nb6 11. Nbd2 Nbd5 12. Bf2 Ng4 13. Rad1 b6 14. h3 Nxf2 15. Rxf2 Qd7 16. dxc5 dxc5 17. Ne5 Qc7 18. a3 Bh4 19. Nxc6 Bxf2+ 20. Kxf2 Qxc6 21. Be4 Qd7 22. Nc4 Rd8 23. Ne5 Qe7 24. Bg6 0-0 25. f5 Qf6 26. Ng4 Qh4+ 27. g3 Qxh3 28. Bh7+ Kh8 29. Qe4 Qh5 30. Rh1 Qg5 31. f6 Nxf6 32. Nxf6 Qxf6+ 33. Ke2 Qg5 34. Kf2 Rd2+ 35. Kf3 Rxb2 36. g4 Qd5 0-1

[Event "Schleswig Holstein-ch Seniors op 9th"]
[Site "Buesum"]
[Date "2015.10.01"]
[Round "4"]
[White "Garms, Ilse"]
[Black "Zimmermann, Manfred"]
[Result "1/2-1/2"]
[WhiteElo "1745"]
[BlackElo "1957"]
[PlyCount "142"]
[EventDate "2015.09.28"]
[EventType "swiss"]
[EventRounds "9"]
[EventCountry "GER"]
[SourceTitle "EXT 2018"]
[Source "ChessBase"]
[SourceDate "2017.10.13"]
[SourceVersion "1"]
[SourceVersionDate "2017.10.13"]
[SourceQuality "1"]

1. d4 Nf6 2. c4 e6 3. Nf3 b6 4. e3 Bb7 5. Bd3 d6 6. Nc3 Nbd7 7. 0-0 Be7 8. Re1 c5 9. e4 cxd4 10. Nxd4 Nc5 11. Bc2 a6 12. Bg5 h6 13. Bxf6 Bxf6 14. Nf3 Qc7 15. Rb1 0-0 16. Qd2 Nd7 17. Bd3 Rfd8 18. Rbc1 Rac8 19. Ne2 Ne5 20. Ned4 Nxd3 21. Qxd3 Qc5 22. Nb3 Qc7 23. Rc2 d5 24. exd5 exd5 25. c5 b5 26. Nfd4 Re8 27. Rd1 Rcd8 28. Qf3 Bc8 29. Nf5 Qe5 30. Ng3 Qg5 31. h3 Re5 32. Re2 Rde8 33. Rxd5 Qg6 34. Rdxe5 Bxe5 35. Qe4 Qxe4 36. Rxe4 Bd7 37. Re2 Kf8 38. Rd2 Bc8 39. Ne2 Bc7 40. f4 Re4 41. Kf2 g6 42. Rd4 Re6 43. Nd2 f5 44. b4 a5 45. a3 axb4 46. axb4 Ke8 47. Nc3 Bd7 48. g3 Bd8 49. Nd5 Ra6 50. Rd3 Ra2 51. Ke3 Bc6 52. Nc3 Rb2 53. Rd6 Bg2 54. Rxg6 Bxh3 55. Rxh6 Bg4 56. Nxb5 Rxb4 57. Nd6+ Kd7 58. Nf7 Kc7 59. Ne5 Ra4 60. Ndc4 Ra1 61. Rc6+ Kb8 62. Nxg4 fxg4 63. Rg6 Rc1 64. Kd4 Rd1+ 65. Kc3 Rc1+ 66. Kb3 Rb1+ 67. Kc2 Rb5 68. Rxg4 Rxc5 69. Kd3 Bf6 70. Ne5 Bxe5 71. fxe5 Rxe5 1/2-1/2

[Event "Schleswig Holstein-ch Seniors op 9th"]
[Site "Buesum"]
[Date "2015.09.30"]
[Round "3"]
[White "Juergens, Peter1111"]
[Black "Garms, Ilse"]
[Result "1-0"]
[WhiteElo "1943"]
[BlackElo "1745"]
[PlyCount "127"]
[EventDate "2015.09.28"]
[EventType "swiss"]
[EventRounds "9"]
[EventCountry "GER"]
[SourceTitle "EXT 2018"]
[Source "ChessBase"]
[SourceDate "2017.10.13"]
[SourceVersion "1"]
[SourceVersionDate "2017.10.13"]
[SourceQuality "1"]

1. d4 d5 2. Nf3 g6 3. Bf4 Bg7 4. e3 c6 5. Be2 Nf6 6. 0-0 0-0 7. c4 e6 8. Nc3 b6 9. Rc1 Bb7 10. Qb3 Nh5 11. Bg5 Bf6 12. Bxf6 Nxf6 13. Rfd1 Qe7 14. Qc2 Nbd7 15. a3 dxc4 16. Bxc4 Nd5 17. e4 Nxc3 18. Qxc3 Nf6 19. e5 Nd5 20. Qd2 Kg7 21. Ng5 f6 22. Ne4 fxe5 23. dxe5 Rad8 24. Nd6 Nc7 25. Qe3 Nd5 26. Bxd5 cxd5 27. Rc3 Ba6 28. Rdc1 Rd7 29. b4 Bc4 30. g3 Rfd8 31. f4 Rxd6 32. exd6 Qxd6 33. Qd4+ Kf7 34. Re3 Qe7 35. Rcc3 Bb5 36. Rc1 Bc4 37. Re5 Qf6 38. a4 Qe7 39. Qc3 a6 40. Rce1 Rd6 41. Qd4 Qd7 42. Rc1 b5 43. a5 Qc7 44. Ree1 Rd8 45. Kf2 Qd6 46. Rb1 Qe7 47. Red1 Ra8 48. Re1 Qa7 49. Ke3 Qxd4+ 50. Kxd4 Rc8 51. Rbc1 Kf6 52. Re5 h6 53. g4 Rc6 54. Rc3 g5 55. f5 exf5 56. Rxf5+ Kg6 57. Ke5 h5 58. gxh5+ Kxh5 59. Rg3 Rg6 60. Rf6 Rxf6 61. Kxf6 g4 62. Ke5 Ba2 63. h3 gxh3 64. Rxh3+ 1-0

[Event "MVP-ch Seniors op 14th"]
[Site "Binz"]
[Date "2014.11.29"]
[Round "5"]
[White "Husser, Oskar"]
[Black "Garms, Ilse"]
[Result "1-0"]
[WhiteElo "1655"]
[BlackElo "1449"]
[PlyCount "53"]
[EventDate "2014.11.25"]
[EventType "swiss"]
[EventRounds "9"]
[EventCountry "GER"]
[SourceTitle "EXT 2016"]
[Source "ChessBase"]
[SourceDate "2015.10.08"]
[SourceVersion "1"]
[SourceVersionDate "2015.10.08"]
[SourceQuality "1"]

1. Nf3 c5 2. c4 Nc6 3. d4 cxd4 4. Nxd4 Nxd4 5. Qxd4 Nf6 6. Nc3 e6 7. e4 d6 8. Be2 Be7 9. 0-0 Bd7 10. Rd1 0-0 11. b3 Bc6 12. Bf3 a6 13. Ba3 Qa5 14. Bb2 Rfd8 15. Rd3 Rd7 16. Rad1 Rad8 17. Qe3 Ne8 18. a3 Bg5 19. Qe2 Bf6 20. b4 Qc7 21. b5 axb5 22. cxb5 Bxe4 23. Nxe4 Bxb2 24. Qxb2 d5 25. b6 Qc4 26. Rc3 Qa4 27. Nc5 1-0